[Event "Sao Paulo Carnaval op"]
[Site "Sao Paulo"]
[Date "2020.02.25"]
[Round "7"]
[White "Giove, Matheus Faria"]
[Black "Fujihira, Victor"]
[Result "1-0"]
[WhiteElo "1445"]
[BlackElo "1233"]
[PlyCount "117"]
[EventDate "2020.02.22"]
[EventType "swiss"]
[EventRounds "7"]
[EventCountry "BRA"]
[SourceTitle "CBM 195 Extra"]
[Source "ChessBase"]
[SourceDate "2020.05.31"]
[SourceVersion "1"]
[SourceVersionDate "2020.05.31"]
[SourceQuality "1"]

1. c4 c6 2. g3 d5 3. cxd5 cxd5 4. Bg2 Nf6 5. Nf3 e6 6. Nc3 Be7 7. d3 0-0 8. 0-0 Nc6 9. Bf4 Bd7 10. Ne5 Nxe5 11. Bxe5 Rc8 12. Qb3 Bc6 13. Nb5 Bxb5 14. Qxb5 b6 15. Rac1 Bc5 16. b4 Be7 17. Bf4 Ra8 18. a3 a6 19. Qc6 Rc8 20. Bc7 Qd7 21. Qxb6 Bd8 22. Bxd8 Rfxd8 23. Qxa6 Ra8 24. Qc6 Rxa3 25. Qxd7 Nxd7 26. Rb1 Rc8 27. Rfc1 Rxc1+ 28. Rxc1 Kf8 29. Rb1 Ke7 30. Bf1 Rc3 31. d4 Nb6 32. e3 Nc4 33. b5 Kd7 34. Kg2 Kc7 35. Rb4 Kb6 36. Be2 Rc2 37. Bd3 Rb2 38. Rxb2 Nxb2 39. Bxh7 f6 40. Bg8 e5 41. dxe5 fxe5 42. Bxd5 Kxb5 43. Bf7 Nd3 44. h4 Nc5 45. g4 Nd7 46. g5 Kc5 47. h5 Kd6 48. Kf3 Ke7 49. Bd5 Kf8 50. Kg4 Ke7 51. Kf5 Nb6 52. e4 Nd7 53. Kg6 Kf8 54. h6 Nb6 55. hxg7+ Ke7 56. g8Q Nxd5 57. Qxd5 Ke8 58. Kf6 Kf8 59. Qf7# 1-0

[Event "Sao Paulo Carnaval op"]
[Site "Sao Paulo"]
[Date "2020.02.23"]
[Round "3"]
[White "Giove, Matheus Faria"]
[Black "Ribeiro, Cesar Augusto Basag"]
[Result "1-0"]
[WhiteElo "1445"]
[BlackElo "1118"]
[PlyCount "23"]
[EventDate "2020.02.22"]
[EventType "swiss"]
[EventRounds "7"]
[EventCountry "BRA"]
[SourceTitle "CBM 195 Extra"]
[Source "ChessBase"]
[SourceDate "2020.05.31"]
[SourceVersion "1"]
[SourceVersionDate "2020.05.31"]
[SourceQuality "1"]

1. c4 d6 2. g3 Nf6 3. Bg2 Nc6 4. Nc3 Bf5 5. Nf3 Nb4 6. Qa4+ Nc6 7. d4 e6 8. d5 exd5 9. cxd5 Qe7 10. dxc6 Ng4 11. cxb7+ Qd7 12. bxa8Q+ 1-0

[Event "BRA-ch Amateur U1600"]
[Site "Sao Paulo"]
[Date "2019.06.21"]
[Round "4"]
[White "Giove, Matheus Faria"]
[Black "Carneiro, Breno B De Siqueira"]
[Result "0-1"]
[WhiteElo "1435"]
[BlackElo "1580"]
[PlyCount "40"]
[EventDate "2019.06.20"]
[EventType "swiss"]
[EventRounds "7"]
[EventCountry "BRA"]
[SourceTitle "CBM 195 Extra"]
[Source "ChessBase"]
[SourceDate "2020.05.31"]
[SourceVersion "1"]
[SourceVersionDate "2020.05.31"]
[SourceQuality "1"]

1. e4 c6 2. d4 d5 3. exd5 cxd5 4. c4 e6 5. Nf3 Nf6 6. Bd3 Be7 7. 0-0 0-0 8. Nc3 Nc6 9. a3 dxc4 10. Bxc4 a6 11. Bf4 b5 12. Bb3 Na5 13. Ba2 Bb7 14. Rc1 Rc8 15. Ne5 Nc4 16. Nxc4 bxc4 17. Ne2 Nh5 18. Bxc4 Rxc4 19. Be5 Rxc1 20. Nxc1 Nf6 0-1

[Event "Sao Paulo op-C U1700 6th"]
[Site "Sao Paulo"]
[Date "2017.04.14"]
[Round "2"]
[White "Giove, Matheus Faria"]
[Black "Dutra, Liliam Guedes"]
[Result "0-1"]
[WhiteElo "1332"]
[BlackElo "1531"]
[PlyCount "138"]
[EventDate "2017.04.14"]
[EventType "swiss"]
[EventRounds "6"]
[EventCountry "BRA"]
[SourceTitle "EXT 2019"]
[Source "ChessBase"]
[SourceDate "2018.10.10"]
[SourceVersion "1"]
[SourceVersionDate "2018.10.10"]
[SourceQuality "1"]

1. e4 e6 2. d4 d5 3. e5 c5 4. c3 Bd7 5. Nf3 Nc6 6. Be3 Qb6 7. b3 cxd4 8. cxd4 Bb4+ 9. Nbd2 Nge7 10. a3 Bc3 11. Rb1 Nf5 12. Be2 Nfxd4 13. Kf1 Qc7 14. Qc1 Nxe2 15. Kxe2 Bxe5 16. Nxe5 Qxe5 17. Nf3 Qd6 18. Bc5 Qc7 19. Qg5 g6 20. Qf6 Rg8 21. Ng5 Qe5+ 22. Qxe5 Nxe5 23. Nxh7 Bb5+ 24. Kd2 Nd7 25. Bd6 Rh8 26. Ng5 Bc6 27. a4 a6 28. Nf3 f6 29. Nd4 Kf7 30. Nxc6 bxc6 31. h3 e5 32. Rhc1 Rac8 33. Rc2 Ke6 34. Ba3 Rc7 35. Rbc1 Rhc8 36. b4 Nb8 37. b5 axb5 38. axb5 Kd7 39. b6 Rb7 40. Rb1 Na6 41. Ra2 Nc7 42. Bc5 Nb5 43. Rba1 Nd6 44. f3 Nc4+ 45. Kc3 Nxb6 46. Ra7 Rcc7 47. Rxb7 Rxb7 48. Ra6 d4+ 49. Kd3 Nd5 50. Ke4 Rb5 51. Bf8 Rb2 52. g3 Re2+ 53. Kd3 Re3+ 54. Kd2 Rxf3 55. g4 Rxh3 56. Ra7+ Nc7 57. Bg7 c5 58. Bxf6 Re3 59. Bg5 Re4 60. Bf6 c4 61. g5 c3+ 62. Kd3 Re3+ 63. Kc4 c2 64. Ra1 Rc3+ 65. Kb4 Nd5+ 66. Kb5 Nxf6 67. gxf6 Ke6 68. Ra6+ Kf7 69. Ra1 d3 0-1

[Event "Sao Paulo Hebraica op 24th"]
[Site "Sao Paulo"]
[Date "2017.01.14"]
[Round "3"]
[White "Costa, Giovanni de Almeida"]
[Black "Giove, Matheus Faria"]
[Result "1-0"]
[WhiteElo "1871"]
[BlackElo "1277"]
[PlyCount "83"]
[EventDate "2017.01.13"]
[EventType "swiss"]
[EventRounds "6"]
[EventCountry "BRA"]
[SourceTitle "CBM 176 Extra"]
[Source "ChessBase"]
[SourceDate "2017.03.02"]
[SourceVersion "1"]
[SourceVersionDate "2017.03.02"]
[SourceQuality "1"]

1. d4 d5 2. Nf3 Bf5 3. c3 Nf6 4. Bg5 h6 5. Bh4 g5 6. Bg3 Nbd7 7. e3 Ne4 8. Nbd2 Nxg3 9. hxg3 e6 10. Qb3 Nb6 11. Ne5 a6 12. Bd3 Bxd3 13. Nxd3 Qd6 14. Nf3 f6 15. Nc5 0-0-0 16. e4 Bg7 17. 0-0-0 e5 18. exd5 Qxd5 19. Ne6 Qxb3 20. axb3 Rd7 21. Nxg7 Rxg7 22. dxe5 fxe5 23. Nxe5 h5 24. Rd4 c5 25. Rd6 Kc7 26. Rg6 Rxg6 27. Nxg6 Rh6 28. Ne5 Rh7 29. Nf3 g4 30. Ng5 Rh6 31. Re1 Rf6 32. Ne6+ Kd6 33. Nf4 h4 34. Rh1 hxg3 35. fxg3 Nd5 36. Rd1 Rf5 37. c4 b5 38. Rxd5+ Rxd5 39. cxd5 a5 40. Kc2 Ke5 41. Kd3 Kf5 42. d6 1-0

[Event "Sao Paulo-C U1700 op 5th"]
[Site "Sao Paulo"]
[Date "2016.10.16"]
[Round "6.23"]
[White "Yokomizo, Wilton"]
[Black "Giove, Matheus Faria"]
[Result "0-1"]
[WhiteElo "1437"]
[BlackElo "1163"]
[PlyCount "46"]
[EventDate "2016.10.13"]
[EventType "swiss"]
[EventRounds "6"]
[EventCountry "BRA"]
[SourceTitle "EXT 2022"]
[Source "ChessBase"]
[SourceDate "2021.10.06"]
[SourceVersion "1"]
[SourceVersionDate "2021.10.06"]
[SourceQuality "1"]

1. e4 d5 2. exd5 Nf6 3. c4 e6 4. dxe6 Bxe6 5. Nc3 Bc5 6. Be2 Qd4 7. Qa4+ Nc6 8. Nf3 Qxf2+ 9. Kd1 0-0-0 10. a3 Nd4 11. Nxd4 Rxd4 12. Nb5 Bd7 13. Rf1 Qxg2 14. Nxa7+ Bxa7 15. Qxa7 b6 16. c5 Ba4+ 17. Ke1 Re4 18. Qa8+ Kd7 19. Qxa4+ Rxa4 20. Bb5+ c6 21. Bxa4 Re8+ 22. Kd1 Qxf1+ 23. Kc2 Qc4+ 0-1

[Event "Sao Paulo op-B U2050 4th"]
[Site "Sao Paulo"]
[Date "2016.03.25"]
[Round "3"]
[White "Giove, Matheus Faria"]
[Black "Trombini, Fabio"]
[Result "0-1"]
[WhiteElo "1160"]
[BlackElo "1940"]
[PlyCount "92"]
[EventDate "2016.03.24"]
[EventType "swiss"]
[EventRounds "7"]
[EventCountry "BRA"]
[SourceTitle "CBM 171 Extra"]
[Source "ChessBase"]
[SourceDate "2016.04.26"]
[SourceVersion "1"]
[SourceVersionDate "2016.04.26"]
[SourceQuality "1"]

1. e4 e5 2. Nf3 Nc6 3. Bc4 Bc5 4. c3 Nf6 5. d4 exd4 6. e5 d5 7. Bb5 Ne4 8. cxd4 Bb6 9. 0-0 0-0 10. Nc3 Bg4 11. Bxc6 bxc6 12. Be3 f6 13. Qa4 Bxf3 14. gxf3 Nxc3 15. bxc3 fxe5 16. Kg2 Qf6 17. Kg1 Qxf3 18. Qxc6 Rad8 19. Qe6+ Kh8 20. Qxe5 Rf6 21. Rfe1 Rdf8 22. a4 Qh3 23. Bf4 Qxc3 24. Be3 c6 25. Kh1 Qd3 26. Rg1 Qf5 27. Rg5 Qxe5 28. Rxe5 h6 29. Re7 R8f7 30. Re8+ Kh7 31. Rc8 Re6 32. Ra2 Rc7 33. Rf8 Re4 34. a5 Bxd4 35. Bf4 Rb7 36. Ra4 c5 37. Kg2 c4 38. Kg3 Re2 39. Rd8 Rb3+ 40. Kg4 Re4 41. Rxd5 g5 42. Rd7+ Kg6 43. Rd6+ Bf6 44. Rxf6+ Kxf6 45. Kh5 Rxf4 46. Rxc4 Rh3# 0-1